000 00825na a2200277 4500
001 23449
003 MIRAKIL
005 20181213155126.0
008 170929b tu 000 0
020 _a9789759420192
040 _aMilas
_btur
_cTR-AnCHP
041 _atur
082 _a927 Osman,H.
_bE23o 2015
090 _a927 Osman,H. E23o 2015
100 _aEldem, Edhem
245 _aOsman Hamdi Bey
_bİzlenimler 1869-1885
_cEdhem Eldem
246 _aİzlenimler 1869-1885
260 _aAnkara
_bDoğan Kitap
_c2015
300 _a463 s.
_bfotğ.; çiz.
_c23 sm.
504 _aDizin var.
600 _aOsman Hamdi Bey
_d1842-1910
_xYaşamöyküsü
650 _aRessamlar
_xYaşamöyküsü
_zTürkiye
650 _aResim sanatı
_xOsman Hamdi Bey
_zTürkiye
740 _aİzlenimler 1869-1885
942 _2ddc
_cBKS
999 _c7053
_d7053